| 000 | 00538nam a22001937a 4500 | ||
|---|---|---|---|
| 999 |
_c31 _d31 |
||
| 003 | OSt | ||
| 005 | 20210528091010.0 | ||
| 008 | 210528b ||||| |||| 00| 0 eng d | ||
| 020 | _a0321418425 | ||
| 040 | _cAlupe University | ||
| 050 |
_aHB172.5 _b.P363 2006 |
||
| 100 | _q Michael Parkin | ||
| 245 | _aMacroeconomics: Canada in the global environment | ||
| 260 |
_a Peterborough, Ont. _bOntario Audio Library Services _c2006 |
||
| 300 |
_a798p. _bill (col.) |
||
| 500 | _aincludes indexes | ||
| 700 | _qRobin Bade | ||
| 942 |
_2lcc _cBK _nMW |
||